| 000 | 01162nam0a22003131 4500 | ||
|---|---|---|---|
| 001 | rc\16697 | ||
| 005 | 20021204102041.8 | ||
| 010 |
_a5-87829-026-X _912000 |
||
| 035 | _a(NLR Aleph) 005304654 | ||
| 090 |
_a6324330 _c6324330 |
||
| 100 | _a20021204d1996 u |0rusy50 ca | ||
| 101 | 0 | _arus | |
| 102 | _aRU | ||
| 105 | _aa ||||||||| | ||
| 200 | 1 |
_aКоронарная ангиопластика _fА.М. Бабунашвили, И.Х. Рабкин, В.А. Иванов |
|
| 210 |
_aМ. _cИзд-во АСВ _d1996 |
||
| 215 |
_a351 с., [2] л. ил. _cил _d22 |
||
| 300 | _aПеред вып. дан. 2-й авт.: Рабкин Иосиф Ефремович | ||
| 300 | _aРез.: англ. | ||
| 320 | _aБиблиогр.: с. 330-343 (249 назв.) | ||
| 320 | _aПредм. указ.: с. 346-351 | ||
| 700 | 1 |
_aБабунашвили _bА. М. _gАвтандил Михайлович |
|
| 701 | 1 |
_aРабкин _bИ. Х. _gИосиф Хаимович |
|
| 701 | 1 |
_aИванов _bВ. А. _gВладимир Александрович |
|
| 801 | 0 |
_aRU _bNLR _gpsbo |
|
| 801 | 1 |
_aRU _bELAR _2rusmarc |
|
| 852 |
_aNLR _j96-5/2066 |
||
| 942 | _cBOOK | ||
| 980 | _aNB | ||